000 00563cam a2200205ua 4500
001 7448
008 141210n ii |||gr||||Z||||||ben
020 _a8172014325
040 _cMAIN
041 _aben
082 _a891.441
100 _aBandyopadhyay, A. Kr.,
_eEditor.
245 1 _aBangla kavita samuchchay :
_b1941-1985 vol II /
_cEdited by Asit Kr. Bandyopadhyay .
250 _a1st.
260 _aNew Delhi:
_bSahitya akademi,
_c1993.
300 _a361p.
653 _aEast Indo-European & Celtic literatures
653 _aBengali poems
942 _cBK
999 _c6571
_d6571